000 00657nam a22002297a 4500
003 UA-OsUOA
001 93922
007 ta
008 20130130b un ||||| |||| 00| 0 ukr d
100 _aГорький М.
090 _a821.161.1
_bГ71
942 _cBK
040 _aUA-OsUOA
_bukr
_cUA-OsUOA
_dUA-OsUOA
245 _aКрымские эскизы
_bрассказы, очерки, воспоминания
300 _a270 с.
955 _a1
041 _aukr
080 _a821.161.1
260 _aСимферополь
_bТаврия
_c1972
650 7 _a82 Література. Літературознавство
_2UDC
999 _c380164
_d380164